02030cas a2200421 450000100090000000300060000900500170001500700030003200800410003501000310007602200170010703500240012403700100014804000830015804200140024105000150025511000760027021000310034622200400037724500410041726000690045830000220052731000380054932100290058736200160061644000620063250000650069450003830075959001030114265000340124565000480127970000490132790600450137693600320142194200300145399900170148395201080150010545037AUA.120130528134641.0t|850720c19639999miufr p 0 a0eng c a 74645601 zsc 76000812  a0003-298021 a(OCoLC)ocm01780045  b49104 aMnMULScMnMULSdMBTIdNSDPdDLCdOCoLCdAIPdNSDPdAIPdOCoLCdDLCdTNJdOCoLC ansdpapcc00aBR1b.A53a2 aAndrews University.bSeventh-Day Adventist Theological Seminary.9366690 aAndrews Univ. Semin. stud. 0aAndrews University Seminary studies10aAndrews University Seminary studies. aBerrien Springs, Mich.,bAndrews University Press.cSplring 2008 bill.c23 cm.av.: a2 issues yearly,b aFrequency varies,b1963-0 aSpring 2008 aAndrews University Seminary studies.vVol.46, No.1936670 a"Journal of the Seventh-Day Adventist Theological Seminary." aContents: Novels' "Exotic" places and Luke's African Official (Acts 8: 27); The Exodus Motif in revelation 15-16: Its the background and nature; Madaba plains project - Tall al 'Umayri, 2006; Fernando Canale's creation,evolution, and theology: the role of method in theological accommodation; Defining Legalism; Cultural and religious dynamics of the church in the philippines;  aAnnual, 1963-64; 2 no. a year, 1965-. "Journal of the Seventh-day Adventist Theological Seminary." 0aTheologyvPeriodicals.936671 0aTheological seminariesxPeriodicals.936672 aJerry Moon and John W. ReeveeEditors936673 a7bcbccserialsduencipf19gn-oclcserc aSpring 1995 (surrogate) LIC 2lcccPERhBR1i.A53a 2008 c10239d10239 00102lcc4070aAUA.1bAUA.1cPERd2013-05-28l0oBR1 .A53a 2008r2013-05-28 00:00:00w2013-05-28yPER